Statistics for Famous Faces - February Birthdays

Click here to take the quiz!

General Stats

  • This quiz has been taken 272 times
  • The average score is 11 of 29

Answer Stats

Answer% Correct
Abraham Lincoln
94%
Bob Marley
91%
Steve Jobs
90%
Rosa Parks
81%
Steve Irwin
75%
Yoko Ono
69%
George Harrison
60%
Elizabeth Taylor
59%
Michael Jordan
59%
Boris Yeltsin
57%
Kim Jong-il
55%
Charles Dickens
45%
Robert Mugabe
44%
Cindy Crawford
41%
Thomas Edison
38%
Galileo Galilei
25%
Nicolaus Copernicus
20%
Hank Aaron
19%
Mark Spitz
19%
Victor Hugo
12%
Ayn Rand
10%
W. E. B. Du Bois
10%
Chuck Yeager
8%
Jules Verne
7%
Paul Krugman
3%
Thomas Paine
3%
Felix Mendelssohn
2%
Sushma Swaraj
2%
Carlos Humberto Romero
1%

Score Distribution

Percentile by Number Answered

Percent of People with Each Score

Your Score History

You have not taken this quiz